01004 2200325 4500001002100000005001500021035002000036007000300056008004100059020002200100040002200122082001600144084001800160090002200178090002200200100004600222245008800268250003500356300005300391500001100444650002300455850001200478504003300490264003700523336002100560337003000581338002300611999002200634990002200656INLIS00000000085222920191022014713 a0010-1019000956ta191022s2017 yoia g 1 ind d a978-602-356-150-6 aYOPDYOGbinderda04223a307.336 a307.336 GUN m aDEP 307.336 GUN m aCB-D.11 2017-14960 aGunadi Kasnowihardjo,cH.d1955-epenulis12aManusia dan Ranu :bKajian arkeologi permukiman /cpenulis, H. Gunadi Kasnowihardjo aCetakan pertama, Februari 2017 axxiii, 175 halaman :bilustrasi, gambar ;c21 cm aIndeks 4aPemukiman penduduk aYOPDYOG aBibliografi: halaman 157-161 aYogyakarta :bKepel Press,c2017 2rdacontentateks 2rdamediaatanpa perantara 2rdacarrieravolume aCB-D.11/2017-1496 aCB-D.11/2017-1496